000 00647cam a2200193 i 4500
005 20251210111442.0
008 250721r2018 jo gr 000 0 ara d
082 1 4 _a216.25
_bق ض ا
100 1 2 _aالقضاة، أحمد مصطفى
_eمؤلف.
245 1 0 _aبحوث محكمة في مسائل الحج /
_c تاليف الاستاذ الدكتور احمد مصطفى القضاه.
250 _aالطبعه الاولى.
264 3 1 _aعمان :
_bالمؤلف،
_c2018.
300 _a144صفحه.
650 1 7 _aالاسلام.
650 1 7 _aالعباده
650 1 7 _aالحج.
942 _2ddc
_cBK
999 _c139991
_d139991